| 000 | 01003nam a2200289 i 4500 | ||
|---|---|---|---|
| 001 | 185761 | ||
| 003 | SpMaBN | ||
| 005 | 20251001145224.0 | ||
| 008 | 160805s1997 sp |||| | spa d | ||
| 020 | _a84-7844-342-8 | ||
| 080 | _a297.14 | ||
| 080 | _a299.513 | ||
| 100 | 1 |
_aIzutsu, Toshihiko ( _d1859-1911) _9160363 |
|
| 245 | 1 | 0 |
_aSufismo y taoísmo _b: estudio comparativo de conceptos filosóficos clave / _cToshihiko Izutsu ; traducción de Anne-Hélène Suárez. |
| 246 | 3 | 4 |
_aSufismo y taoísmo. _nv. 1, _pIbn 'Arabi |
| 260 |
_aMadrid : _bSiruela, _c[1997] |
||
| 300 |
_a339 p. ; _c22 cm. |
||
| 490 | 1 |
_aEl árbol del paraíso ; _v10 |
|
| 505 | 8 |
_aContiene: v. 1 ; _tIbn 'Arabi |
|
| 650 | 7 |
_aSufismo. _917256 |
|
| 650 | 0 | 7 |
_aTaoísmo. _917283 |
| 700 | 1 |
_aSuárez Girard, Anne-Hélène, _d1960- _9160364 |
|
| 740 | 0 | 2 | _aIbn 'Arabi. |
| 830 | 0 | 3 |
_aEl árbol del paraíso _v10 _9179942 |
| 852 |
_aES-MaACL _jL-30525 _z. - Donat. Miguel A. Velasco |
||
| 999 |
_c185761 _d185761 |
||